| 000 | 00481nam a22001337a 4500 | ||
|---|---|---|---|
| 020 | _a9788120348578 | ||
| 082 | _a515.9 PAT | ||
| 100 | _aBaidyanath Patra | ||
| 245 | _aComplex variables and special functions | ||
| 260 |
_aNew Delhi _bPHI Learning _c2014 |
||
| 300 |
_a570p. _bill.: |
||
| 650 | _aComplex variables -- Multi-Valued fnction -- Meromorphic functions -- Linear transformation -- Special function -- Hypergeometric equation -- Electrical engineering -- RCST | ||
| 942 | _cBK | ||
| 999 |
_c13485 _d13485 |
||